| 000 | 00538nam a2200193 4500 | ||
|---|---|---|---|
| 003 | OSt | ||
| 005 | 20260601193909.0 | ||
| 008 | 260520b |||||||| |||| 00| 0 spa d | ||
| 040 |
_aICI _bspa _cICI _erda |
||
| 050 |
_aNB259 _b.M36 |
||
| 100 |
_aAlberto Manrique, Jorge _eautor _934761 |
||
| 245 |
_aEcos y reflejos: _bMonumentos y escultura pública |
||
| 264 |
_aMéxico _bCONACULTA _c1992 |
||
| 300 | _a16 páginas | ||
| 336 |
_2rdacontent _atexto |
||
| 337 |
_2rdamedia _asin medio |
||
| 338 |
_2rdacarrier _avolumen |
||
| 942 |
_2lcc _n1 _cB |
||
| 999 |
_c22490 _d22490 |
||